[Event "28th CRO-chT 1B-Men 2019"]
[Site "Mali Losinj"]
[Date "2019.10.05"]
[Round "8.24"]
[White "Zelic, Mladen"]
[Black "Bozinovic, Bogdan"]
[Result "1/2-1/2"]
[WhiteElo "2209"]
[BlackElo "2212"]
[Annotator "TA"]
[PlyCount "138"]
[EventDate "2019.09.28"]
[EventType "team-tourn"]
[EventCountry "CRO"]
[SourceTitle "playchess.com"]
[Source "ChessBase"]
[SourceQuality "1"]

{[%evp 13,138,-25,-13,-28,-10,-7,0,0,-7,-8,0,0,0,-7,-12,-39,5,-56,-44,-56,-49,-48,-53,-72,-72,-75,99,97,117,127,112,129,214,53,47,25,29,25,35,0,0,-316,-318,-315,-326,-352,-348,-346,-335,-332,-332,-350,-347,-334,-303,-309,-302,-271,0,-291,-293,-306,-286,-291,-297,-326,-303,-292,-258,-301,-271,-385,-373,-396,-319,-320,-348,-339,-310,-318,-320,-387,-383,-381,-365,-377,-370,-363,-358,-382,-378,-375,-366,-383,-391,-1010,-361,-347,-258,-232,-239,-262,-148,-141,-144,-173,-152,-163,-141,-140,-144,-147,-142,-147,-142,-133,-139,-135,-133,-209,-135,-132,-137,-139,-133,-134,0]} 1. e4 c5 2. d4 cxd4 3. c3 dxc3 4. Nxc3 Nc6 5. Nf3 d6 6. Bc4 a6 7. O-O Nf6 8. Bf4 {B21: Sicilian: 2 f4 and Morra Gambit} Bg4 9. h3 Bxf3 10. Qxf3 {The position is equal.} e6 11. Rfd1 {Hoping for e5!} Nd7 $146 (11... Qa5 12. Bb3 Ne5 13. Qe2 Be7 14. Bd2 O-O 15. Rac1 Rfc8 {½-½ (28) Zelic,M (2300)-Bozinovic,B (2223) Topusko 2015}) ({Predecessor:} 11... Qb6 12. Be2 Be7 13. Qg3 O-O 14. Bxd6 Bxd6 15. Rxd6 Rfd8 {½-½ (77) Galperin,P (2374)-Vovk,Y (2564) Lvov 2018}) 12. Qg3 Nce5 13. Bb3 h5 14. Rac1 Rc8 (14... h4 $5 {[%cal Rh4g3]} 15. Qe3 Be7 $11) 15. Qe3 (15. Bxe5 $11 h4 16. Qe3 Nxe5 17. Qa7) 15... Be7 $1 $15 16. Bh2 g5 17. Kh1 b5 18. f4 gxf4 19. Bxf4 Qb6 $2 (19... Rg8 $17 {stays on course.}) 20. Nd5 $1 $36 {[%mdl 2048] White has strong initiative.} Qb8 {And now ...Rxc1 would win.} 21. Rxc8+ Qxc8 22. Rc1 $1 {[%cal Rc1c8]} ({Don't play} 22. Nxe7 $6 Kxe7 23. Qg3 Qg8 $11) 22... Nc4 (22... Qb8 $16) 23. Nxe7 $2 ({White should try} 23. Bxc4 $1 $18 bxc4 24. Qd4 {[%mdl 64] Double Attack}) 23... Kxe7 $14 24. Qg3 Qg8 $1 {[%cal Rg8g3] With the idea ...Qxg3.} 25. Qh4+ f6 26. Bxc4 bxc4 27. Rxc4 $2 {[%mdl 8192]} (27. Qf2 $11) 27... e5 $19 28. Rc6 Qa8 ({Much less strong is} 28... exf4 29. Qxf4 Qe6 30. Rxa6 $19) ({Stronger than} 28... Qxa2 29. Qg3 $11) 29. Rc4 exf4 30. Qxf4 Qb7 31. b3 Ne5 32. Rd4 Qb6 33. Rd1 Nf7 34. Rf1 Qd4 35. Rc1 Qb6 36. Rf1 Rh6 $1 37. Rc1 Qb7 38. Qf5 Ne5 39. Qf4 Rh8 40. Rf1 Rf8 41. Qf5 Qc6 42. Qf4 (42. Kh2 $142) 42... Qc2 43. Qf5 Rf7 44. Rf2 Qc3 45. Rf1 h4 46. Qf2 Qd3 47. Qf5 Qc2 48. Rf2 Qc3 49. Rf1 Qd2 50. Rf2 Qc1+ 51. Rf1 Qg5 52. Qf2 Rg7 53. Rd1 Qg3 54. Qc2 $2 {[#]} (54. Qe2) 54... Kf8 $2 (54... Nf3 $1 {[%csl Gf3][%cal Rg3h2][%mdl 512]} 55. Qc7+ (55. gxf3 Qxh3+) 55... Ke6 $1 {[%mdl 512]} 56. Qc8+ Rd7 57. gxf3 Qxf3+ {[%mdl 64] Double Attack} 58. Kh2 Qe2+ 59. Kg1 Qxd1+ 60. Kf2 Qd2+ 61. Kf3 Qd3+ 62. Kf2 Qg3+ 63. Ke2 Ke7) 55. Rf1 {[#]} Qd3 $1 56. Rxf6+ {[#]} Ke7 $1 57. Qf2 Qxe4 (57... Qb1+ $19 58. Qf1 Qxa2) 58. Rf4 $17 {Black is clearly better.} Qd5 59. Qxh4+ Kd7 {[%csl Gg7][%cal Rd5g2]} 60. Rf2 Rf7 61. Qa4+ {[#]} Qc6 $1 62. Rxf7+ Nxf7 63. Qg4+ Kc7 64. Qg7 Qc1+ 65. Kh2 Qf4+ 66. Kh1 (66. Qg3 $17 Qd4 67. Qg8) 66... Kc6 67. Qf8 Kd7 68. Qa8 Qf1+ 69. Kh2 Qf4+ {Accuracy: White = 57%, Black = 62%.} (69... Ke6 $17 70. Qe8+ Kf6) 1/2-1/2

[Event "28th CRO-chT 1B-Men 2019"]
[Site "Mali Losinj"]
[Date "2019.10.05"]
[Round "8.25"]
[White "Brkic, Ante"]
[Black "Ruck, Robert"]
[Result "1/2-1/2"]
[WhiteElo "2600"]
[BlackElo "2530"]
[Annotator "ChessBase"]
[PlyCount "57"]
[EventDate "2019.09.28"]
[EventType "team-tourn"]
[EventCountry "CRO"]
[SourceTitle "playchess.com"]
[Source "ChessBase"]
[SourceQuality "1"]
[TimeControl "40/5400+30:1800+30"]

1. e4 {[%emt 0:00:30]} c6 {[%emt 0:01:30]} 2. d4 {[%emt 0:00:00]} d5 {[%emt 0:00:30]} 3. e5 {[%emt 0:00:00]} Bf5 {[%emt 0:00:00]} 4. Nf3 {[%emt 0:00:00]} e6 {[%emt 0:00:00]} 5. Be2 {[%emt 0:00:00]} c5 {[%emt 0:00:00]} 6. Be3 {[%emt 0:01:30]} Qb6 {[%emt 0:00:00]} 7. Nc3 {[%emt 0:01:30]} c4 {[%emt 0:00:30]} 8. Rb1 {[%emt 0:12:30]} Bb4 {[%emt 0:00:30]} 9. O-O {[%emt 0:02:30]} Bxc3 {[%emt 0:03:30]} 10. bxc3 {[%emt 0:03:30]} Qc7 {[%emt 0:00:00]} 11. Nh4 {[%emt 0:04:30]} Be4 {[%emt 0:04:00]} 12. f3 {[%emt 0:10:30]} Bg6 {[%emt 0:00:30]} 13. f4 {[%emt 0:11:30]} Ne7 {[%emt 0:16:30]} 14. g4 {[%emt 0:00:30]} Be4 {[%emt 0:02:30]} 15. f5 {[%emt 0:00:30]} Nbc6 {[%emt 0:01:30]} 16. f6 {[%emt 0:04:30]} gxf6 {[%emt 0:00:00]} 17. Rxf6 {[%emt 0:00:00]} Rg8 {[%emt 0:00:00]} 18. Qd2 {[%emt 0:04:00]} Qa5 {[%emt 0:09:30]} 19. Rxb7 {[%emt 0:19:30]} Rb8 {[%emt 0:09:30]} 20. Rxb8+ {[%emt 0:00:30]} Nxb8 {[%emt 0:00:30]} 21. Rf1 {[%emt 0:05:28]} Qxa2 {[%emt 0:00:30]} 22. Bd1 {[%emt 0:01:50]} Nbc6 {[%emt 0:25:30]} 23. Ng2 {[%emt 0:00:08]} Ng6 {[%emt 0:09:41]} 24. Qf2 {[%emt 0:01:37]} Nd8 {[%emt 0:00:54]} 25. Bg5 {[%emt 0:00:20]} Qa3 {[%emt 0:01:42]} 26. Qd2 {[%emt 0:07:52]} Nc6 {[%emt 0:03:21]} 27. Qf2 {[%emt 0:01:19]} Nd8 {[%emt 0:01:46]} 28. Qd2 {[%emt 0:00:01]} Nc6 {[%emt 0:01:05]} 29. Qf2 {[%emt 0:02:49]} 1/2-1/2

[Event "28th CRO-chT 1B-Men 2019"]
[Site "Mali Losinj"]
[Date "2019.10.05"]
[Round "8.26"]
[White "Horvath, Adam"]
[Black "Kadric, Denis"]
[Result "0-1"]
[WhiteElo "2489"]
[BlackElo "2577"]
[Annotator "ChessBase"]
[PlyCount "118"]
[EventDate "2019.09.28"]
[EventType "team-tourn"]
[EventCountry "CRO"]
[SourceTitle "playchess.com"]
[Source "ChessBase"]
[SourceQuality "1"]
[TimeControl "40/5400+30:1800+30"]

1. e4 {[%emt 0:01:30]} d6 {[%emt 0:00:30]} 2. d4 {[%emt 0:00:30]} Nf6 {[%emt 0:00:00]} 3. Nc3 {[%emt 0:00:30]} e5 {[%emt 0:00:00]} 4. Nf3 {[%emt 0:00:00]} Nbd7 {[%emt 0:00:00]} 5. Bc4 {[%emt 0:00:00]} Be7 {[%emt 0:00:00]} 6. a4 {[%emt 0:00:30]} O-O {[%emt 0:00:00]} 7. O-O {[%emt 0:00:30]} c6 {[%emt 0:00:00]} 8. h3 {[%emt 0:00:30]} h6 {[%emt 0:00:00]} 9. Re1 {[%emt 0:00:30]} Re8 {[%emt 0:00:00]} 10. Be3 {[%emt 0:00:30]} exd4 {[%emt 0:00:00]} 11. Bxd4 {[%emt 0:01:30]} Nf8 {[%emt 0:00:00]} 12. a5 {[%emt 0:07:30]} Be6 {[%emt 0:00:00]} 13. Bxe6 {[%emt 0:21:30]} Nxe6 {[%emt 0:00:00]} 14. Be3 {[%emt 0:00:30]} Bf8 {[%emt 0:04:30]} 15. a6 {[%emt 0:26:30]} b5 {[%emt 0:00:30]} 16. e5 {[%emt 0:00:30]} dxe5 {[%emt 0:01:30]} 17. Nxe5 {[%emt 0:00:00]} Qc7 {[%emt 0:01:30]} 18. Ng4 {[%emt 0:00:00]} Nh7 {[%emt 0:04:30]} 19. Qf3 {[%emt 0:04:30]} h5 {[%emt 0:00:30]} 20. Nh2 {[%emt 0:00:30]} g6 {[%emt 0:00:00]} 21. h4 {[%emt 0:11:30]} Bg7 {[%emt 0:03:00]} 22. Nf1 {[%emt 0:00:30]} Nf6 {[%emt 0:01:30]} 23. Nh2 {[%emt 0:05:58]} Nd7 {[%emt 0:01:30]} 24. Rad1 {[%emt 0:02:08]} f5 {[%emt 0:03:30]} 25. Ne2 {[%emt 0:03:34]} Bxb2 {[%emt 0:04:30]} 26. Nf4 {[%emt 0:04:12]} Ndf8 {[%emt 0:06:30]} 27. g3 {[%emt 0:06:00]} Be5 {[%emt 0:03:30]} 28. Nxe6 {[%emt 0:01:22]} Rxe6 {[%emt 0:00:30]} 29. Bc5 {[%emt 0:00:34]} Rae8 {[%emt 0:05:30]} 30. Qb3 {[%emt 0:00:07]} Qf7 {[%emt 0:08:30]} 31. Nf3 {[%emt 0:00:04]} Bf6 {[%emt 0:02:30]} 32. Kg2 {[%emt 0:00:20]} Rxe1 {[%emt 0:03:30]} 33. Rxe1 {[%emt 0:01:05]} Rxe1 {[%emt 0:00:30]} 34. Nxe1 {[%emt 0:00:06]} Qxb3 {[%emt 0:00:00]} 35. cxb3 {[%emt 0:00:51]} Ne6 {[%emt 0:00:00]} 36. Bd6 {[%emt 0:00:56]} c5 {[%emt 0:06:30]} 37. Bb8 {[%emt 0:00:35]} c4 {[%emt 0:01:30]} 38. bxc4 {[%emt 0:00:13]} bxc4 {[%emt 0:00:30]} 39. Nc2 {[%emt 0:00:49]} Nc5 {[%emt 0:01:30]} 40. Nb4 {[%emt 0:00:00]} Bc3 {[%emt 0:00:00]} 41. Nd5 {[%emt 0:02:36]} Nxa6 {[%emt 0:02:00]} 42. Bxa7 {[%emt 0:00:30]} Be5 {[%emt 0:01:30]} 43. Kf3 {[%emt 0:07:30]} Kf7 {[%emt 0:00:30]} 44. Ne3 {[%emt 0:15:53]} c3 {[%emt 0:00:00]} 45. Nc4 {[%emt 0:00:02]} Bf6 {[%emt 0:01:00]} 46. Ke2 {[%emt 0:02:13]} Ke6 {[%emt 0:00:00]} 47. Bb6 {[%emt 0:02:31]} Nb4 {[%emt 0:01:00]} 48. Be3 {[%emt 0:02:41]} Kd5 {[%emt 0:00:30]} 49. Nb6+ {[%emt 0:00:12]} Kc6 {[%emt 0:01:30]} 50. Nc4 {[%emt 0:00:03]} Kb5 {[%emt 0:00:30]} 51. Nd6+ {[%emt 0:00:23]} Ka4 {[%emt 0:00:30]} 52. Ne8 {[%emt 0:00:49]} Be5 {[%emt 0:01:30]} 53. f4 {[%emt 0:00:07]} Bh8 {[%emt 0:00:30]} 54. Nc7 {[%emt 0:00:49]} Kb3 {[%emt 0:00:30]} 55. Ne6 {[%emt 0:00:17]} Nd5 {[%emt 0:00:30]} 56. Bc1 {[%emt 0:00:39]} c2 {[%emt 0:00:30]} 57. Kd3 {[%emt 0:01:03]} Nb4+ {[%emt 0:01:30]} 58. Kd2 {[%emt 0:00:29]} Bc3+ {[%emt 0:00:00]} 59. Ke3 {[%emt 0:00:06]} Na2 {[%emt 1:05:29]} 0-1

[Event "28th CRO-chT 1B-Men 2019"]
[Site "Mali Losinj"]
[Date "2019.10.05"]
[Round "8.28"]
[White "Rubil, Marko"]
[Black "Bosnjak, Petar"]
[Result "1/2-1/2"]
[WhiteElo "2290"]
[BlackElo "2265"]
[Annotator "NA"]
[PlyCount "67"]
[EventDate "2019.09.28"]
[EventType "team-tourn"]
[EventCountry "CRO"]
[SourceTitle "playchess.com"]
[Source "ChessBase"]
[SourceQuality "1"]
[TimeControl "40/5400+30:1800+30"]

1. e4 {[%emt 0:05:30]} d6 {[%emt 0:00:30]} 2. Nc3 {[%emt 0:08:30]} Nf6 {[%emt 0:00:30]} 3. Nge2 {[%emt 0:00:00]} e5 {[%emt 0:05:30]} 4. g3 {[%emt 0:01:00]} c5 {[%emt 0:06:30]} 5. Bg2 {[%emt 0:03:30]} Nc6 {[%emt 0:00:30]} 6. d3 {[%emt 0:00:30]} Nd4 {[%emt 0:04:30]} 7. h3 $11 {[%emt 0:04:30]} b5 {[%emt 0:07:30]} 8. O-O {[%emt 0:10:30]} b4 {[%emt 0:01:30]} 9. Nxd4 {[%emt 0:00:30]} cxd4 {[%emt 0:00:30]} 10. Ne2 {[%emt 0:00:30]} Bb7 {[%emt 0:19:30]} 11. c3 {[%emt 0:29:30]} bxc3 {[%emt 0:02:30]} 12. bxc3 {[%emt 0:01:30]} dxc3 {[%emt 0:00:30]} 13. Rb1 {[%emt 0:00:30]} Bc6 {[%emt 0:01:30]} 14. Nxc3 {[%emt 0:05:30]} Be7 {[%emt 0:01:30]} 15. d4 {[%emt 0:00:00]} O-O {[%emt 0:00:30]} 16. Nd5 {[%emt 0:12:11]} Bxd5 {[%emt 0:01:30]} 17. exd5 {[%emt 0:00:23]} exd4 {[%emt 0:00:30]} 18. Bb2 {[%emt 0:05:23]} Nd7 {[%emt 0:01:30]} 19. Bxd4 {[%emt 0:00:33]} Bf6 {[%emt 0:00:30]} 20. h4 {[%emt 0:01:06]} Bxd4 {[%emt 0:01:30]} 21. Qxd4 {[%emt 0:00:03]} Nc5 {[%emt 0:01:30]} 22. Rfe1 {[%emt 0:04:24]} Qa5 {[%emt 0:01:30]} 23. Re2 {[%emt 0:02:16]} Rfe8 {[%emt 0:02:30]} 24. Rbb2 {[%emt 0:00:41]} Qc7 {[%emt 0:06:30]} 25. Bf1 {[%emt 0:01:13]} Rad8 {[%emt 0:08:30]} 26. Kg2 {[%emt 0:00:31]} Qc8 {[%emt 0:07:32]} 27. Qf4 {[%emt 0:01:11]} Qc7 {[%emt 0:00:51]} 28. Qd4 {[%emt 0:00:01]} Qc8 {[%emt 0:05:28]} 29. Qf4 {[%emt 0:00:01]} Qc7 {[%emt 0:00:22]} 30. h5 {[%emt 0:01:51]} h6 {[%emt 0:00:39]} 31. Qd4 {[%emt 0:00:30]} Qc8 {[%emt 0:00:35]} 32. Qf4 {[%emt 0:00:03]} Qc7 {[%emt 0:00:04]} 33. Rbc2 {[%emt 0:00:45]} Qd7 {[%emt 0:04:32]} 34. Rb2 {[%emt 0:00:44]} 1/2-1/2

[Event "28th CRO-chT 1B-Men 2019"]
[Site "Mali Losinj"]
[Date "2019.10.06"]
[Round "9.1"]
[White "Ruck, Robert"]
[Black "Sedlak, Nikola"]
[Result "1-0"]
[WhiteElo "2530"]
[BlackElo "2557"]
[Annotator "ChessBase"]
[PlyCount "125"]
[EventDate "2019.09.28"]
[EventType "team-tourn"]
[EventCountry "CRO"]
[SourceTitle "playchess.com"]
[Source "ChessBase"]
[SourceQuality "1"]
[TimeControl "40/5400+30:1800+30"]

1. Nf3 {[%emt 0:00:30]} d5 {[%emt 0:06:30]} 2. d4 {[%emt 0:00:00]} e6 {[%emt 0:00:30]} 3. c4 {[%emt 0:00:00]} c6 {[%emt 0:00:30]} 4. Nbd2 {[%emt 0:03:30]} f5 {[%emt 0:00:30]} 5. g3 {[%emt 0:00:30]} Nf6 {[%emt 0:00:00]} 6. Bg2 {[%emt 0:00:00]} Bd6 {[%emt 0:00:00]} 7. O-O {[%emt 0:00:00]} Nbd7 {[%emt 0:00:30]} 8. Qc2 {[%emt 0:01:30]} O-O {[%emt 0:01:30]} 9. b3 {[%emt 0:33:30]} Qe7 {[%emt 0:02:30]} 10. Bb2 {[%emt 0:00:30]} b6 {[%emt 0:01:30]} 11. Ne5 {[%emt 0:00:30]} Bb7 {[%emt 0:00:00]} 12. Rac1 {[%emt 0:02:30]} Rac8 {[%emt 0:00:00]} 13. Qb1 {[%emt 0:09:30]} Bxe5 {[%emt 0:04:30]} 14. dxe5 {[%emt 0:00:00]} Ng4 {[%emt 0:01:30]} 15. Qa1 {[%emt 0:03:00]} h5 {[%emt 0:13:30]} 16. h3 {[%emt 0:07:30]} Nh6 {[%emt 0:00:30]} 17. f4 {[%emt 0:00:30]} h4 {[%emt 0:02:30]} 18. gxh4 {[%emt 0:00:30]} Qxh4 {[%emt 0:00:30]} 19. e3 {[%emt 0:00:30]} c5 {[%emt 0:01:30]} 20. Rcd1 {[%emt 0:07:30]} Rfd8 {[%emt 0:00:30]} 21. Bc3 {[%emt 0:14:12]} Nf8 {[%emt 0:03:30]} 22. Nf3 {[%emt 0:00:20]} Qe7 {[%emt 0:02:30]} 23. Be1 {[%emt 0:00:19]} Ng6 {[%emt 0:00:30]} 24. Bg3 {[%emt 0:00:52]} Rd7 {[%emt 0:04:30]} 25. Kh2 {[%emt 0:03:51]} Rcd8 {[%emt 0:02:30]} 26. Qc1 {[%emt 0:00:23]} d4 {[%emt 0:02:30]} 27. exd4 {[%emt 0:00:37]} cxd4 {[%emt 0:00:30]} 28. Qd2 {[%emt 0:00:27]} d3 {[%emt 0:01:30]} 29. Rf2 {[%emt 0:00:22]} Qc5 {[%emt 0:08:30]} 30. Rg1 {[%emt 0:07:08]} Be4 {[%emt 0:05:30]} 31. Ng5 {[%emt 0:03:19]} Qc6 {[%emt 0:00:30]} 32. Qe3 {[%emt 0:00:49]} Rd4 {[%emt 0:00:30]} 33. Nf3 {[%emt 0:00:18]} Bxf3 {[%emt 0:01:30]} 34. Bxf3 {[%emt 0:00:02]} Re4 {[%emt 0:05:30]} 35. Qd2 {[%emt 0:00:16]} Qc5 {[%emt 0:00:30]} 36. Bh5 {[%emt 0:01:04]} Nf8 {[%emt 0:05:30]} 37. Bh4 {[%emt 0:00:15]} Rd7 {[%emt 0:00:00]} 38. Be8 {[%emt 0:01:32]} Re7 {[%emt 0:07:24]} 39. Bxe7 {[%emt 0:00:56]} Qxe7 {[%emt 0:00:05]} 40. Bc6 {[%emt 0:00:00]} Rd4 {[%emt 0:00:00]} 41. Rg3 {[%emt 0:10:28]} Nf7 {[%emt 0:04:01]} 42. Rxd3 {[%emt 0:06:32]} Rxd3 {[%emt 0:00:30]} 43. Qxd3 {[%emt 0:00:05]} g5 {[%emt 0:00:30]} 44. Qd4 {[%emt 0:01:57]} Ng6 {[%emt 0:00:00]} 45. fxg5 {[%emt 0:00:13]} Nfxe5 {[%emt 0:00:00]} 46. Ba8 {[%emt 0:08:40]} Kh7 {[%emt 0:03:30]} 47. Re2 {[%emt 0:00:51]} Nf7 {[%emt 0:04:30]} 48. Kh1 {[%emt 0:01:50]} Nxg5 {[%emt 0:01:30]} 49. Bg2 {[%emt 0:01:02]} e5 {[%emt 0:01:30]} 50. Qf2 {[%emt 0:00:51]} Qf6 {[%emt 0:00:30]} 51. b4 {[%emt 0:00:24]} Nf4 {[%emt 0:01:30]} 52. Rd2 {[%emt 0:00:29]} Nge6 {[%emt 0:03:30]} 53. Rd7+ {[%emt 0:00:53]} Kh6 {[%emt 0:00:30]} 54. Rd6 {[%emt 0:00:26]} Qf8 {[%emt 0:01:30]} 55. c5 {[%emt 0:00:41]} bxc5 {[%emt 0:00:30]} 56. bxc5 {[%emt 0:00:01]} Kg5 {[%emt 0:01:30]} 57. Qg3+ {[%emt 0:01:14]} Kf6 {[%emt 0:00:30]} 58. Qh4+ {[%emt 0:00:34]} Kg6 {[%emt 0:00:00]} 59. Qg3+ {[%emt 0:01:37]} Kf6 {[%emt 0:00:00]} 60. Qh4+ {[%emt 0:00:16]} Kg6 {[%emt 0:00:30]} 61. Bf3 {[%emt 0:00:35]} Qb8 {[%emt 0:01:30]} 62. Bh5+ {[%emt 0:00:47]} Kh6 {[%emt 0:00:30]} 63. Be8+ {[%emt 0:00:31]} 1-0

[Event "28th CRO-chT 1B-Men 2019"]
[Site "Mali Losinj"]
[Date "2019.10.06"]
[Round "9.3"]
[White "Dabo-Peranic, Robert"]
[Black "Matkovic, Tonci"]
[Result "1/2-1/2"]
[WhiteElo "2323"]
[BlackElo "2281"]
[Annotator "ChessBase"]
[PlyCount "113"]
[EventDate "2019.09.28"]
[EventType "team-tourn"]
[EventCountry "CRO"]
[SourceTitle "playchess.com"]
[Source "ChessBase"]
[SourceQuality "1"]
[TimeControl "40/5400+30:1800+30"]

1. e4 {[%emt 0:00:30]} e5 {[%emt 0:00:30]} 2. Nf3 {[%emt 0:00:00]} Nc6 {[%emt 0:00:00]} 3. Bb5 {[%emt 0:00:00]} a6 {[%emt 0:00:00]} 4. Ba4 {[%emt 0:00:00]} Nf6 {[%emt 0:00:00]} 5. O-O {[%emt 0:00:00]} Be7 {[%emt 0:00:00]} 6. Re1 {[%emt 0:00:00]} b5 {[%emt 0:00:30]} 7. Bb3 {[%emt 0:00:00]} O-O {[%emt 0:00:30]} 8. c3 {[%emt 0:00:30]} d5 {[%emt 0:00:00]} 9. exd5 {[%emt 0:00:00]} Nxd5 {[%emt 0:00:00]} 10. Nxe5 {[%emt 0:00:00]} Nxe5 {[%emt 0:00:30]} 11. Rxe5 {[%emt 0:00:00]} c6 {[%emt 0:00:00]} 12. d3 {[%emt 0:00:00]} Bd6 {[%emt 0:00:00]} 13. Re1 {[%emt 0:00:30]} Bf5 {[%emt 0:00:30]} 14. Nd2 {[%emt 0:02:30]} Qh4 {[%emt 0:04:30]} 15. g3 {[%emt 0:01:30]} Qh3 {[%emt 0:03:30]} 16. Ne4 {[%emt 0:00:30]} Be7 {[%emt 0:07:30]} 17. f3 {[%emt 0:10:30]} Bg6 {[%emt 0:08:30]} 18. Nf2 {[%emt 0:01:30]} Qd7 {[%emt 0:00:30]} 19. Bxd5 {[%emt 0:01:30]} cxd5 {[%emt 0:00:30]} 20. Be3 {[%emt 0:00:00]} Bf6 {[%emt 0:02:30]} 21. Qd2 {[%emt 0:05:00]} d4 {[%emt 0:01:30]} 22. Bxd4 {[%emt 0:05:30]} Bxd4 {[%emt 0:01:30]} 23. cxd4 {[%emt 0:00:00]} Qxd4 {[%emt 0:00:30]} 24. Qc3 {[%emt 0:00:00]} Qd5 {[%emt 0:01:30]} 25. Re3 {[%emt 0:25:30]} Rae8 {[%emt 0:03:30]} 26. Rxe8 {[%emt 0:09:30]} Rxe8 {[%emt 0:00:30]} 27. Re1 {[%emt 0:13:30]} Rxe1+ {[%emt 0:00:00]} 28. Qxe1 {[%emt 0:00:30]} h6 {[%emt 0:00:00]} 29. Kg2 {[%emt 0:03:30]} Qxa2 {[%emt 0:00:30]} 30. Qb4 {[%emt 0:00:00]} f5 {[%emt 0:06:30]} 31. d4 {[%emt 0:01:00]} Bf7 {[%emt 0:07:30]} 32. Nd3 {[%emt 0:02:30]} Qc4 {[%emt 0:09:30]} 33. Qxc4 {[%emt 0:01:15]} Bxc4 {[%emt 0:01:30]} 34. Ne5 {[%emt 0:00:42]} Bd5 {[%emt 0:00:30]} 35. b4 {[%emt 0:00:17]} Kf8 {[%emt 0:02:30]} 36. Kf2 {[%emt 0:00:30]} Ke7 {[%emt 0:00:30]} 37. Ke3 {[%emt 0:00:10]} Kd6 {[%emt 0:01:30]} 38. Kd3 {[%emt 0:00:26]} Ke6 {[%emt 0:05:30]} 39. f4 {[%emt 0:00:36]} Be4+ {[%emt 0:01:30]} 40. Kc3 {[%emt 0:00:00]} h5 {[%emt 0:00:00]} 41. Kd2 {[%emt 0:08:34]} Kd6 {[%emt 0:05:00]} 42. Ke2 {[%emt 0:08:30]} Kd5 {[%emt 0:08:30]} 43. Ke3 {[%emt 0:00:30]} Bg2 {[%emt 0:07:30]} 44. Kd3 {[%emt 0:00:30]} Kd6 {[%emt 0:04:30]} 45. Ke2 {[%emt 0:00:30]} Be4 {[%emt 0:00:30]} 46. Ke3 {[%emt 0:00:00]} Kd5 {[%emt 0:00:30]} 47. h4 {[%emt 0:20:08]} Bg2 {[%emt 0:02:30]} 48. Kd3 {[%emt 0:01:27]} Bf1+ {[%emt 0:01:30]} 49. Ke3 {[%emt 0:01:19]} Kd6 {[%emt 0:01:30]} 50. Kf2 {[%emt 0:01:16]} Bh3 {[%emt 0:01:30]} 51. Ke3 {[%emt 0:01:45]} Kd5 {[%emt 0:00:30]} 52. Kd3 {[%emt 0:00:58]} Bf1+ {[%emt 0:00:30]} 53. Ke3 {[%emt 0:00:05]} Bg2 {[%emt 0:00:30]} 54. Kd3 {[%emt 0:00:22]} Be4+ {[%emt 0:02:30]} 55. Ke3 {[%emt 0:00:02]} Bb1 {[%emt 0:02:30]} 56. Nf3 {[%emt 0:03:00]} Be4 {[%emt 0:01:30]} 57. Ne5 {[%emt 0:02:04]} 1/2-1/2

[Event "28th CRO-chT 1B-Men 2019"]
[Site "Mali Losinj"]
[Date "2019.10.06"]
[Round "9.5"]
[White "Martic, Zlatko"]
[Black "Malenica, Mario"]
[Result "1-0"]
[WhiteElo "2299"]
[BlackElo "2221"]
[Annotator "ChessBase"]
[PlyCount "59"]
[EventDate "2019.09.28"]
[EventType "team-tourn"]
[EventCountry "CRO"]
[SourceTitle "playchess.com"]
[Source "ChessBase"]
[SourceQuality "1"]
[TimeControl "40/5400+30:1800+30"]

1. d4 {[%emt 0:08:30]} g6 {[%emt 0:00:30]} 2. c4 {[%emt 0:00:30]} Bg7 {[%emt 0:00:00]} 3. Nc3 {[%emt 0:00:00]} c5 {[%emt 0:00:00]} 4. d5 {[%emt 0:00:00]} d6 {[%emt 0:01:30]} 5. e4 {[%emt 0:01:30]} e6 {[%emt 0:01:30]} 6. f4 {[%emt 0:00:30]} exd5 {[%emt 0:01:30]} 7. cxd5 {[%emt 0:00:30]} a6 {[%emt 0:00:30]} 8. Nf3 {[%emt 0:00:30]} Bg4 {[%emt 0:01:30]} 9. Be2 {[%emt 0:01:30]} Bxf3 {[%emt 0:01:30]} 10. Bxf3 {[%emt 0:02:30]} Nd7 {[%emt 0:00:30]} 11. a4 {[%emt 0:00:30]} Ne7 {[%emt 0:00:30]} 12. O-O {[%emt 0:00:30]} O-O {[%emt 0:00:00]} 13. Kh1 {[%emt 0:03:30]} f5 {[%emt 0:07:00]} 14. g4 {[%emt 0:03:30]} Kh8 {[%emt 0:02:30]} 15. exf5 {[%emt 0:08:30]} gxf5 {[%emt 0:00:30]} 16. g5 {[%emt 0:00:00]} Rb8 {[%emt 0:04:30]} 17. Ne2 {[%emt 0:07:00]} b5 {[%emt 0:02:30]} 18. axb5 {[%emt 0:00:00]} axb5 {[%emt 0:00:00]} 19. Ng3 {[%emt 0:00:00]} Nb6 {[%emt 0:09:00]} 20. Nh5 {[%emt 0:01:30]} Bd4 {[%emt 0:02:30]} 21. Ra3 {[%emt 0:04:30]} Nc4 {[%emt 0:06:30]} 22. Ra7 {[%emt 0:03:30]} Ra8 {[%emt 0:04:30]} 23. Rxa8 {[%emt 0:01:30]} Qxa8 {[%emt 0:00:00]} 24. b3 {[%emt 0:00:30]} Nb6 {[%emt 0:05:00]} 25. Qe2 {[%emt 0:03:30]} Ng8 {[%emt 0:08:30]} 26. Bb2 {[%emt 0:01:30]} Nd7 {[%emt 0:06:30]} 27. Qf2 {[%emt 0:03:30]} Ne7 {[%emt 0:02:30]} 28. Bxd4+ {[%emt 0:00:30]} cxd4 {[%emt 0:00:30]} 29. Qxd4+ {[%emt 0:00:00]} Kg8 {[%emt 0:00:00]} 30. Qg7# {[%emt 0:00:00]} 1-0